000 01561nam a2200433 c 4500
001 24423
003 ES-MaCES
005 20150929135514.0
007 cr |||||||||||
008 120507s2012 sp r 000 | spa d
035 _aCES20120003047m
040 _aES-MaCES
_bspa
_cES-MaCES
245 0 3 _aLa inversión en I+D+i 2012
_hRecurso electrónico
_b: análisis por Comunidad Autónoma
_cdirigido por Juan Aitor Lago Moneo ; investigador, Ignacio Garcá Waldo
260 _aBarcelona
_aMadrid
_bEAE Business School
_c2012
300 _a1 documento pdf
_c(285 mb)
490 1 _aLínea perspectivas
_v03-2012
504 _aBibliografía: p. 27
541 _cGratuito
650 4 _ainvestigación y desarrollo
_928273
650 4 _ainnovación
_928230
650 4 _ainversión
_928141
650 4 _agastos
_929793
650 4 _aEuropa
_926940
650 4 _aEspaña
_926964
650 4 _aComunidades Autónomas
_930768
650 4 _a2000-2010
_931613
650 4 _acuadros estadísticos
_928890
653 1 0 _aPolíticas sectoriales
650 4 _929020
_apaís de la UE
650 4 _926752
_aUE
700 1 _aGarcía Waldo, Ignacio
_913102
700 1 _aLago Moneo, Juan Aitor
_edir.
_916075
710 2 _aEAE Business School
_eed.
_92621
830 0 _aLínea perspectivas (EAE Business School. Strategic Research Center)
_v03-2012
_934647
856 4 _uhttp://biblioteca.ces.es/repintra/47-29292.pdf
_ytexto completo
_z[intranet]
902 _aELE PUB. ELECTRONICA
942 _2CES
_cBK
_h5.2.
999 _c24423
_d24423